Highway engineering (Registro nro. 23173)
[ vista simple ]
| 000 -Cabecera | |
|---|---|
| Campo de control interno | 00417nam a2200181Ia 4500 |
| 005 - Fecha y hora del registro | |
| control field | 20260414150920.0 |
| 008 - Elementos de Longitud Fija | |
| fixed length control field | 260414t2016||||xx |||||||||||||| ||spa|| |
| 041 ## - Idioma | |
| Codigo Idioma | ESP |
| 082 ## - DEWEY y NOTACIÓN INTERNA | |
| Dewey | 625.7 |
| Notación Interna | R77 |
| 100 ## - AUTOR | |
| Autor denominación | Rogers, Martin |
| Término de relación | autor |
| 245 #0 - TÍTULO DE MATERIAL BIBLIOGRÁFICO | |
| Título | Highway engineering |
| Título paralelo | |
| 260 ## - CIUDAD, EDITORIAL, AÑO | |
| Año | 2016 |
| 300 ## - DESCRIPCIÓN | |
| N° Páginas | xiii, 405 páginas : |
| Dimensiones | 24 cm. |
| 650 ## - TEMAS | |
| Temas | |
| 654 ## - PROGRAMAS | |
| Programa | Dpto. de Ingeniería Civil |
| 942 ## - ELEMENTOS DE KOHA | |
| Tipo de documento | Libro |
| Nombre del creador | Justo Noguera |
| Código de catalogador | Justo Noguera |
| Esquema de clasificación | Dewey Decimal Classification |
| Suppress in OPAC | |
| Codigo completo | Registro | Colección | Copia número | Disponibilidad | Tipo de préstamo | Biblioteca Actual | Procedencia (Biblioteca) | Ubicacón | Fecha Ingreso | Tipo de Adquisición | Date last seen | Total checkouts | Price effective from | Tipo de Item | Estado del Material | Damaged status | Withdrawn status |
|---|---|---|---|---|---|---|---|---|---|---|---|---|---|---|---|---|---|
| 625.7 R77 | 1054671 | Universidad Católica San Pablo | 1 | Disponible | Disponible | Víctor Andrés Belaunde | Víctor Andrés Belaunde | Segundo piso | 14/04/2026 | Compra | 14/04/2026 | 14/04/2026 | Libro | Bueno |




